| 000 | 01371nam a2200373 i 4500 | ||
|---|---|---|---|
| 001 | 13073 | ||
| 003 | KOSZ 005 | ||
| 005 | 20221116132244.0 | ||
| 008 | 070801s1970 pl a f 000 0dpol | ||
| 015 | _aPB 1970/10381 | ||
| 040 |
_aWA N _cWA N _dKOSZ 005/ID _dKOSZ 005/HR |
||
| 046 | _k1970 | ||
| 080 | _a005 | ||
| 100 | 1 |
_aAdamiecki, Karol _d(1866-1933) _eAutor |
|
| 245 | 1 | 0 |
_aO nauce organizacji : _bwybór pism / _cKarol Adamiecki ; wybór, wstęp i koment. Zbigniew Heidrich. |
| 260 |
_aWarszawa : _bPaństwowe Wydawnictwo Ekonomiczne, _c1970. |
||
| 300 |
_a350, [2] s., [2] k. tabl. : _bil. ; _c23 cm. |
||
| 336 |
_2rdacontent _aTekst _btxt |
||
| 337 |
_2rdamedia _aBez urządzenia pośredniczącego _bn |
||
| 338 |
_2rdacarrier _aWolumin _bnc |
||
| 380 | _aKsiążki | ||
| 388 | _a1901-2000 | ||
| 388 | _a1945-1989 | ||
| 504 | _aBibliogr. s. 345-[347]. | ||
| 600 | 1 | 7 |
_aAdamiecki , Karol _d(1966-1933) |
| 650 | 4 | _aOrganizacja | |
| 650 | 4 | _aOrganizacja pracy | |
| 658 | _aZarządzanie i marketing | ||
| 700 | 1 |
_aHeidrich, Adolf _d(1899-1983) _eOpracowanie |
|
| 710 | 2 |
_aPaństwowe Wydawnictwo Ekonomiczne _4pbl. |
|
| 856 | 4 | 1 |
_uhttp://polona.pl/item/12582475 _zZobacz w Polonie |
| 856 | 4 | 1 |
_uhttp://koha.tu.koszalin.pl/cgi-bin/koha/opac-detail.pl?biblionumber=13073 _zKatalog online BPK |
| 942 |
_2UKD _cKS |
||
| 999 |
_c13073 _d13073 |
||